세계 지도 상 407개의 섬 - Statistics

General Stats
  • This quiz has been taken 5 times
  • The average score is 62 of 407
Answers on the Map
Answers color-coded by a green-red scale on the quiz's map according to % correct below.
 
Answer Stats
면적 소속 % Correct
2,130,800 🇬🇱 그린란드
100%
587,041 🇲🇬 마다가스카르
100%
225,800 🇯🇵 혼슈
100%
101,826 🇮🇸 아이슬란드
100%
84,421 🇮🇪 🇬🇧 아일랜드
100%
78,719 🇯🇵 홋카이도
100%
72,493 🇷🇺 사할린
100%
37,437 🇯🇵 규슈
100%
35,883 🇹🇼 타이완
100%
785,753 🇮🇩 🇵🇬 뉴기니
80%
748,168 🇮🇩 🇲🇾 🇧🇳 보르네오
80%
209,331 🇬🇧 그레이트브리튼
80%
138,794 🇮🇩 자바
80%
105,806 🇨🇺 쿠바
80%
65,268 🇱🇰 스리랑카
80%
65,022 🇦🇺 태즈매니아
80%
33,210 🇨🇳 하이난
80%
25,662 🇮🇹 시칠리아
80%
23,949 🇮🇹 사르데냐
80%
18,545 🇯🇵 시코쿠
80%
11,190 🇯🇲 자메이카
80%
8,741 🇫🇷 코르시카
80%
8,350 🇬🇷 크레타
80%
1,826 🇰🇷 제주
80%
1,206 🇯🇵 오키나와
80%
507,451 🇨🇦 배핀
60%
443,066 🇮🇩 수마트라
60%
180,681 🇮🇩 술라웨시
60%
145,836 🇳🇿 남섬
60%
111,583 🇳🇿 북섬
60%
109,965 🇵🇭 루손
60%
108,860 🇨🇦 뉴펀들랜드
60%
97,530 🇵🇭 민다나오
60%
73,929 🇩🇴 🇭🇹 이스파니올라
60%
28,418 🇮🇩 🇹🇱 티모르
60%
10,434 🇺🇸 하와이
60%
9,234 🇨🇾 키프로스
60%
5,009 🇹🇹 트리니다드
60%
3,630 🇺🇸
60%
3,607 🇾🇪 소코트라
60%
2,535 🇫🇷 레위니옹
60%
1,860 🇲🇺 모리셔스
60%
845 🇸🇹 상투메
60%
431 🇧🇧 바베이도스
60%
306 🇬🇩 그레나다
60%
300 🇹🇹 토바고
60%
279 🇦🇬 앤티가
60%
160 🇦🇬 바부다
60%
136 🇸🇹 프린시페
60%
78 🇭🇰 홍콩
60%
40 🇧🇲 메인 (버뮤다)
60%
217,291 🇨🇦 빅토리아
40%
196,236 🇨🇦 엘즈미어
40%
31,285 🇨🇦 밴쿠버
40%
16,648 🇳🇨 누벨칼레도니
40%
9,100 🇵🇷 푸에르토리코
40%
7,031 🇩🇰 섈란
40%
5,416 🇮🇩 발리
40%
4,467 🇵🇭 세부
40%
4,117 🇵🇭 보홀
40%
3,667 🇪🇸 마요르카
40%
2,994 🇸🇪 고틀란드
40%
2,985 🇩🇰
40%
1,400 🇬🇷 로도스
40%
750 🇩🇲 도미니카
40%
720 🇸🇬 싱가포르
40%
444 🇨🇼 퀴라소
40%
345 🇻🇨 세인트빈센트
40%
261 🇳🇺 니우에
40%
246 🇲🇹 몰타
40%
180 🇦🇼 아루바
40%
135 🇨🇽 크리스마스
40%
118 🇯🇪 저지
40%
98 🇹🇦 트리스탄다쿠냐
40%
93 🇰🇳 네비스
40%
65 🇬🇬 건지
40%
23 🇨🇷 코코스
40%
21 🇳🇷 나우루
40%
70,028 🇨🇦 뱅크스
20%
55,247 🇨🇦 데본
20%
47,401 🇦🇷 🇨🇱 티에라델푸에고
20%
47,079 🇷🇺 세베르니
20%
43,178 🇨🇦 액슬하이버그
20%
42,149 🇨🇦 멜빌
20%
41,214 🇨🇦 사우스햄튼
20%
40,100 🇧🇷 마라조
20%
38,981 🇸🇯 스피츠베르겐
20%
35,145 🇵🇬 뉴브리튼
20%
33,339 🇨🇦 프린스오브웨일즈
20%
33,246 🇷🇺 유즈니
20%
24,786 🇨🇦 서머셋
20%
18,040 🇮🇩 할마헤라
20%
17,454 🇮🇩 스람
20%
15,848 🇨🇦 프린스패트릭
20%
14,386 🇮🇩 숨바와
20%
13,075 🇵🇭 네그로스
20%
12,849 🇵🇭 사마르
20%
12,189 🇵🇭 팔라완
20%
12,011 🇵🇭 파나이
20%
10,711 🇮🇩 숨바
20%
10,572 🇵🇭 민도로
20%
10,531 🇫🇯 비티레부
20%
9,318 🇵🇬 부건빌
20%
7,405 🇵🇬 뉴아일랜드
20%
7,040 🇫🇰 동포클랜드
20%
6,675 🇺🇸 프린스오브웨일즈
20%
6,390 🇦🇶 사이플
20%
5,765 🇦🇺 멜빌
20%
5,620 🇨🇦 프린스에드워드
20%
5,135 🇺🇸 세인트로렌스
20%
4,531 🇫🇰 서포클랜드
20%
3,718 🇬🇸 사우스조지아
20%
2,781 🇮🇳 북안다만
20%
2,237 🇨🇺 후벤투드
20%
2,017 🇬🇶 비오코
20%
1,633 🇬🇷 레스보스
20%
1,560 🇪🇸 그란카나리아
20%
1,545 🇺🇸 오아후
20%
1,536 🇮🇳 중안다만
20%
1,410 🇧🇷 상루이스
20%
1,211 🇮🇳 남안다만
20%
1,167 🇫🇷 마르티니크
20%
1,044 🇵🇫 타히티
20%
842 🇬🇷 키오스
20%
800 🇹🇭 푸켓
20%
741 🇵🇹 마데이라
20%
622 🇱🇨 세인트루시아
20%
572 🇮🇲
20%
294 🇧🇶 보네어
20%
174 🇰🇳 세인트킷츠
20%
163 🇨🇱 이스터
20%
155 🇨🇳 샤먼
20%
145 🇹🇼 진먼
20%
121 🇸🇭 세인트헬레나
20%
102 🇲🇸 몬트세랫
20%
96 🇼🇫 왈리스
20%
91 🇦🇮 앵귈라
20%
87 🇲🇫 🇸🇽 생마르탱
20%
87 🇺🇸 맨해튼
20%
83 🇼🇫 푸투나
20%
67 🇨🇰 라로통가
20%
49 🇧🇻 부베
20%
34 🇳🇫 노퍽
20%
26 🇵🇲 생피에르
20%
25 🇧🇱 생바르텔레미
20%
5 🇲🇻 말레
20%
4 🇵🇳 핏케언
20%
49,070 🇦🇶 알렉산더
0%
43,873 🇦🇶 버크너
0%
24,000 🇷🇺 코텔니
0%
20,000 🇧🇷 바나나우
0%
16,042 🇨🇦 배서스트
0%
15,700 🇦🇶 서스턴
0%
14,467 🇸🇯 노르아우스틀라네
0%
14,204 🇷🇺 옥탸브리스코이레볼류치
0%
14,154 🇮🇩 플로레스
0%
13,111 🇨🇦 킹윌리엄
0%
11,742 🇮🇩 요스수다르소
0%
11,413 🇮🇩 방카
0%
11,295 🇨🇦 엘레프링네스
0%
11,206 🇷🇺 볼셰비키
0%
11,067 🇨🇦 바일롯
0%
10,311 🇨🇦 케이프브레턴
0%
9,521 🇨🇦 프린스찰스
0%
9,310 🇺🇸 코디악
0%
8,812 🇷🇺 콤소몰레츠
0%
8,612 🇬🇱 케케타르수아크
0%
8,500 🇦🇶 카르니
0%
8,478 🇨🇱 칠로에
0%
8,473 🇮🇩 부루
0%
7,941 🇨🇦 안티코스티
0%
7,910 🇦🇶 루즈벨트
0%
7,866 🇷🇺 브랑겔
0%
7,700 🇧🇷 투피남바라나
0%
7,368 🇵🇭 레이테
0%
6,995 🇨🇦 콘월리스
0%
6,617 🇹🇫 케르겔렌
0%
6,361 🇨🇦 그레이엄
0%
6,201 🇷🇺 노바야시비리
0%
5,587 🇫🇯 바누아레부
0%
5,556 🇨🇱 웰링턴
0%
5,498 🇨🇦 코츠
0%
5,388 🇺🇸 치차고프
0%
5,353 🇸🇧 과달카날
0%
5,255 🇨🇦 아문링네스
0%
5,157 🇷🇺 볼쇼이랴호프스키
0%
5,110 🇨🇱 리에스코
0%
5,073 🇸🇯 엣지
0%
5,048 🇨🇦 매켄지킹
0%
5,000 🇧🇷 카비아나
0%
4,864 🇧🇷 일랴그란지지그루파
0%
4,685 🇩🇰 유틀란드
0%
4,663 🇦🇶 애들레이드
0%
4,640 🇪🇨 이사벨라
0%
4,514 🇮🇩 롬복
0%
4,408 🇮🇩 부통
0%
4,374 🇦🇺 캥거루
0%
4,117 🇨🇱 오스테
0%
4,078 🇮🇩 마두라
0%
4,069 🇺🇸 유니맥
0%
4,048 🇮🇩 니아스
0%
3,956 🇻🇺 에스피리투 산토
0%
3,913 🇬🇱 밀른란드
0%
3,836 🇸🇧 말레이타
0%
3,707 🇬🇷 에비아
0%
3,688 🇨🇱 산타이네스
0%
3,665 🇸🇧 산타이사벨
0%
3,452 🇬🇱 트라일
0%
3,439 🇧🇸 노스안드로스
0%
3,268 🇵🇭 마스바테
0%
3,190 🇸🇧 마키라
0%
2,971 🇸🇧 슈아절
0%
2,766 🇨🇦 매니툴린
0%
2,720 🇺🇸 어널래스카
0%
2,673 🇪🇪 사레마
0%
2,460 🇦🇶 로스
0%
2,437 🇬🇱 위메르
0%
2,432 🇦🇶 앤버스
0%
2,326 🇦🇺 그루테아일란트
0%
2,198 🇳🇴 힌뇌야
0%
2,100 🇵🇬 마누스
0%
2,086 🇬🇧 루이스앤해리스
0%
2,041 🇻🇺 말라쿨라
0%
2,037 🇸🇧 뉴조지아
0%
2,034 🇪🇸 테네리페
0%
1,899 🇮🇩 바칸
0%
1,883 🇺🇸 마우이
0%
1,840 🇦🇺 프레이저
0%
1,815 🇳🇿 스튜어트 / 라키우라
0%
1,793 🇺🇸 움나크
0%
1,717 🇬🇱 게오그라피스크삼푼외
0%
1,694 🇼🇸 사바이
0%
1,666 🇹🇿 잔지바르
0%
1,660 🇪🇸 푸에르테벤투라
0%
1,656 🇬🇧 스카이
0%
1,590 🇳🇴 센야
0%
1,544 🇧🇸 이나과
0%
1,491 🇮🇷 커슘
0%
1,448 🇧🇸 남안드로스
0%
1,446 🇺🇸 카우아이
0%
1,441 🇧🇩 볼라
0%
1,437 🇵🇬 퍼거슨
0%
1,373 🇧🇸 그랜드바하마
0%
1,350 🇲🇲 람리
0%
1,347 🇸🇪 욀란드
0%
1,327 🇵🇭 바실리안
0%
1,288 🇸🇯 바렌츠
0%
1,243 🇩🇰 롤란
0%
1,229 🇨🇳 충밍
0%
1,201 🇲🇽 티부론
0%
1,146 🇳🇨 리푸
0%
1,146 🇧🇸 그레이트아바코
0%
1,125 🇼🇸 우폴루
0%
1,025 🇰🇲 그랑드코모르
0%
1,020 🇻🇪 마르가리타
0%
991 🇨🇻 산티아고
0%
989 🇪🇪 히우마
0%
988 🇹🇿 펨바
0%
986 🇪🇨 산타크루스
0%
976 🇦🇶 브라반트
0%
970 🇬🇧 메인랜드 (셰틀랜드)
0%
931 🇲🇽 앙헬데라과르다
0%
926 🇩🇪 뤼겐
0%
921 🇮🇳 그레이트니코바르
0%
920 🇳🇿 채텀
0%
899 🇻🇺 에파테
0%
891 🇻🇺 에로망고
0%
875 🇬🇧
0%
869 🇵🇭 홀로
0%
863 🇰🇼 부비얀
0%
855 🇪🇨 푸나
0%
850 🇳🇴 랑뇌야
0%
848 🇬🇵 바스테르
0%
846 🇮🇩 카라켈롱
0%
845 🇪🇸 란사로테
0%
811 🇳🇴 쇠뢰야
0%
803 🇮🇩 암본
0%
779 🇨🇻 산투안탕
0%
777 🇨🇺 카요로마노
0%
762 🇧🇩 샌드왑
0%
755 🇪🇷 달락케비르
0%
754 🇵🇹 상미겔
0%
737 🇳🇴 크발레위아
0%
715 🇮🇩 바탐
0%
708 🇪🇸 라팔마
0%
707 🇮🇳 소안다만
0%
700 🇭🇹 고나브
0%
687 🇵🇬 구디너프
0%
685 🇦🇽 파스타올란드
0%
682 🇸🇯 크비퇴위아
0%
677 🇻🇺 암브림
0%
673 🇺🇸 몰로카이
0%
660 🇸🇧 렌넬
0%
658 🇴🇲 마시라
0%
647 🇲🇽 코수멜
0%
642 🇪🇨 페르난디나
0%
631 🇨🇻 보아비스타
0%
619 🇮🇳 살셋
0%
604 🇧🇭 바레인
0%
600 🇸🇱 셔브로
0%
588 🇩🇰 보른홀름
0%
585 🇪🇨 산티아고
0%
558 🇪🇨 산크리스토발
0%
546 🇻🇳 푸꾸옥
0%
544 🇬🇺
0%
540 🇬🇱 우페르나비크
0%
534 🇦🇷 로스에스타도스
0%
530 🇲🇾 브루이트
0%
523 🇲🇲 체두바
0%
510 🇹🇳 제르바
0%
505 🇸🇧 넨도
0%
502 🇨🇳 저우산
0%
499 🇨🇦 몬트리올
0%
494 🇵🇦 코이바
0%
480 🇸🇧 사우스말레이타
0%
476 🇨🇻 포구
0%
465 🇵🇭 시부얀
0%
452 🇲🇾 🇮🇩 세바틱
0%
450 🇲🇲 카탄
0%
447 🇵🇹 피쿠
0%
442 🇳🇿 오클랜드
0%
441 🇲🇾 방기
0%
435 🇹🇿 마피아
0%
434 🇫🇯 타베우니
0%
424 🇧🇷 산타카타리나
0%
424 🇰🇲 앙주앙
0%
411 🇫🇯 카다부
0%
406 🇭🇷 츠레스
0%
406 🇭🇷 크르크
0%
400 🇵🇹 테르세이라
0%
395 🇸🇦 파라산
0%
388 🇰🇮 키리티마티
0%
377 🇸🇯 얀마옌
0%
373 🇫🇴 스트레이모이
0%
370 🇵🇼 바벨다오브
0%
368 🇭🇲 허드
0%
368 🇾🇹 그랑테르
0%
345 🇵🇫 누쿠히바
0%
340 🇲🇿 이냐캄바
0%
334 🇫🇲 폰페이
0%
320 🇲🇬 노지베
0%
318 🇵🇫 히바오아
0%
306 🇦🇪 아부알아비아드
0%
293 🇲🇾 페낭
0%
290 🇿🇦 마리온
0%
279 🇹🇷 괵체아다
0%
272 🇬🇼 오랑고
0%
265 🇫🇰 웨들
0%
256 🇹🇴 통가파투
0%
250 🇺🇸 산타크루스
0%
215 🇵🇲 미클롱
0%
212 🇻🇮 생크루아
0%
196 🇰🇾 그랜드케이먼
0%
180 🇲🇵 사이판
0%
156 🇸🇨 마헤
0%
155 🇭🇳 로아탄
0%
155 🇸🇨 알다브라
0%
152 🇺🇸 스테이튼
0%
150 🇲🇷 티도레
0%
148 🇮🇪 아킬
0%
148 🇦🇶 스미스
0%
144 🇹🇨 미들카이코스
0%
142 🇦🇸 투투일라
0%
135 🇵🇷 비에케스
0%
134 🇵🇫 모레아
0%
128 🇦🇺 매쿼리
0%
126 🇱🇰 마나르
0%
119 🇷🇺 아틀라소프
0%
117 🇩🇴 사오나
0%
111 🇫🇲 코스라에
0%
110 🇬🇸 몬태규
0%
108 🇲🇺 로드리게스
0%
105 🇹🇱 아타우로
0%
91 🇹🇦 고프
0%
88 🇦🇨 아센시온
0%
65 🇺🇸 막탄
0%
56 🇻🇬 토르톨라
0%
42 🇪🇬 샤드완
0%
40 🇵🇫 라파
0%
39 🇰🇮 몰든
0%
37 🇵🇳 헨더슨
0%
30 🇩🇬 디에고가르시아
0%
29 🇳🇿 라울
0%
21 🇧🇶 신트외스타티위스
0%
20 🇳🇿 앤티퍼디스
0%
18 🇧🇷 페르난두지노로냐
0%
17 🇹🇨 그랜드터크
0%
17 🇬🇶 안노본
0%
16 🇰🇮 스타벅
0%
15 🇵🇫 망가레바
0%
14 🇦🇺 로드하우
0%
13 🇧🇶 사바
0%
13 🇺🇲 웨이크
0%
12 🇹🇦 인억세시블
0%
11 🇺🇲 팔마이라
0%
10 🇹🇫 암스테르담
0%
9 🇲🇭 마주로
0%
6 🇨🇨 웨스트
0%
6 🇨🇵 클리퍼턴
0%
5 🇹🇰 누쿠노누
0%
3 🇨🇰 파머스톤
0%
2 🇺🇲 존스톤
0%
2 🇯🇵 미나미토리
0%
1 🇭🇲 맥도널드
0%
1 🇲🇺 알바트로스
0%
0 🇨🇱 살라이고메스
0%
0 🇧🇷 베우몽치
0%
No matching quizzes found
Score Distribution
Percent of People with Each Score
Percentile by Number Answered
Your Score History
You have not taken this quiz